La réponse commence par W - Statistiques

Statistiques générales
  • Ce quiz a été pris 734 fois
  • Le résultat moyen est 14 sur 20
Statistiques - réponses
Indices Réponses % Correct
Capitale des Etats-Unis Washington
99%
Véhicule sur rails tiré par une locomotive Wagon
95%
Condiment japonais de couleur verte et piquant Wasabi
92%
Alcool favori du Capitaine Haddock Whisky
92%
Jeu de ballon se déroulant dans l'eau entre deux équipes de sept joueurs Water-polo
91%
Unité internationale de puissance ou de flux énergétique Watt
91%
Encyclopédie universelle, collaborative et multilingue sur Internet créée en 2001 Wikipédia
89%
Région francophone de Belgique Wallonie
80%
Se dit de quelque chose d'étanche à l'eau Waterproof
78%
Animal figurant sur le drapeau du Michigan Wapiti
68%
Plus grande bourse mondiale Wall Street
65%
Sandwich Composé d'une sorte de galette fine dans laquelle on met de la garniture Wrap
65%
Ustensile de cuisine dans la gastonomie asiatique Wok
61%
Film d'action qui se passe à l'époque des pionniers dans l'Ouest américain Western
58%
Professeur devenu fabricant de drogue dans Breaking Bad Walter White
57%
Signification du www présent dans les adresses de sites Internet World Wide Web
57%
Membre des X-Men dont le squelette a été recouvert d'adamantium Wolverine
50%
Métier consistant à concevoir, animer et mettre à jour un site web. Webmaster
48%
Marsupial vivant dans les forêts montagneuses d’Australie Wombat
26%
Cette ville anglaise possède une reproduction de la Table Ronde Winchester
19%
Aucun quiz correspondant
Distribution des résultats
% des personnes avec chaque résultat
Percentile par nombre de réponses
Votre historique - résultats
Vous n’avez pas pris ce quiz